000 00417nam a2200181Ia 4500
005 20250423095915.0
008 250422s9999 xx 000 0 und d
020 _a978931421666
050 _aPN 4775 .S53/
100 _aSharma, Ajay Kumar
245 0 _aJournalism laws
260 _aNew Delhi
260 _bRandom publications
260 _c2012
300 _a280 p
650 _aJournalism.
942 _cBK
999 _c31695
_d31695